| 000 | 01457ctm a22003011a 4500 | ||
|---|---|---|---|
| 003 | SA-RiAUC | ||
| 005 | 20241007074823.0 | ||
| 007 | co ug ---uuauu | ||
| 008 | 241005s1989 su fsbm 00000bara c | ||
| 040 |
_aSA-MaUQU _bara _cSA-RiAUC |
||
| 082 | 0 | 4 |
_a928.1 _qSA-RiAUC |
| 090 |
_a928.1 _bع ب د ج |
||
| 100 | 1 | _aعبد الجبار، فاطمة سالم | |
| 245 | 1 | 0 |
_aأحمد قنديل/ _hالطبعة الاولى _bحياته وشعره / _cفاطمة سالم عبد الجبار ؛ إشراف محمد نبيه حجاب. |
| 250 | _aالطبعة الاولى. | ||
| 264 |
_aجدة: _bالنادي الثقافي الأدبي، _c1998 |
||
| 300 |
_a492 ص. _b24 سم. |
||
| 500 | _aإشراف : محمد نبيه حجاب. | ||
| 502 | _aأطروحة (دكتوراه)-جامعة أم القرى، كلية اللغة العربية، قسم الدراسات العليا، 1989. | ||
| 504 | _aيشتمل على إرجاعات ببليوجرافية. | ||
| 516 | _aنص إلكتروني. | ||
| 530 | _aمتاحة نسخة على شكل مطبوع. | ||
| 533 |
_aمستنسخ إلكتروني. _b[د. م. : _cد. ن.، _d19--]. _e1 قرص مدمج. |
||
| 600 | 1 | 7 |
_aقنديل، أحمد صالح، _d1329-1399 هجري _vأقراص مدمجة _2aucnm |
| 650 | 7 |
_aالشعراء العرب _zالسعودية _vتراجم _vأقراص مدمجة _2aucsh |
|
| 942 |
_2ddc _cBOOK _n0 |
||
| 949 |
_aSA-JeALM _d241005 _umohamedma123 _n1 |
||
| 999 |
_c969 _d969 |
||